Statistiques concernant Devinez l'État Américain Mystère #29

Cliquez ici pour prendre le quiz!

Statistiques générales

  • Ce quiz a été pris 174 fois
  • Le résultat moyen est 31 sur 35

Statistiques - réponses

Type de RéponseRéponse% Correct
Lettre TrouvéeA
100%
Lettre de l'AlphabetI
100%
Lettre TrouvéeN
100%
Lettre de l'AlphabetE
99%
Lettre de l'AlphabetL
99%
Lettre de l'AlphabetO
99%
Lettre TrouvéeR
98%
Lettre de l'AlphabetC
97%
Lettre de l'AlphabetM
97%
Lettre TrouvéeS
97%
Lettre de l'AlphabetG
96%
Lettre de l'AlphabetH
94%
Lettre de l'AlphabetT
94%
Lettre de l'AlphabetD
93%
Lettre de l'AlphabetU
93%
Lettre de l'AlphabetW
92%
Lettre de l'AlphabetV
91%
Lettre de l'AlphabetF
90%
Lettre TrouvéeK
90%
Lettre de l'AlphabetY
89%
Lettre de l'AlphabetB
88%
Lettre de l'AlphabetX
87%
Lettre de l'AlphabetZ
84%
Lettre Bien PlacéeA
83%
Lettre de l'AlphabetP
82%
Lettre Bien PlacéeS
82%
Lettre Bien PlacéeA
81%
Lettre de l'AlphabetJ
79%
Lettre Bien PlacéeN
79%
Lettre de l'AlphabetQ
79%
Lettre Bien PlacéeS
79%
Lettre Bien PlacéeA
77%
État MystèreArkansas
77%
Lettre Bien PlacéeK
77%
Lettre Bien PlacéeR
77%

Distribution des résultats

Percentile par nombre de réponses

% des personnes avec chaque résultat

Votre développement - résultats

Vous n’avez pas pris ce quiz